Statistics for AAA Pacific Coast League Teams 2014

Click here to take the quiz!

General Stats

  • This quiz has been taken 9 times
  • The average score is 10 of 16

Answer Stats

Answer% Correct
Salt Lake Bees
88%
Tacoma Rainiers
88%
Albuquerque Isotopes
75%
Colorado Springs Sky Sox
63%
El Paso Chihuahuas
63%
Fresno Grizzlies
63%
Iowa Cubs
63%
Las Vegas 51's
63%
Memphis Redbirds
63%
Reno Aces
63%
Nashville Sounds
50%
Omaha Storm Chasers
50%
Round Rock Express
50%
Sacramento River Cats
50%
New Orleans Zephyrs
38%
Oklahoma City RedHawks
25%

Score Distribution

Percentile by Number Answered

Percent of People with Each Score

Your Score History

You have not taken this quiz